• 首页
  • 本馆介绍
  • 公告通知
  • 最新文献
  • 馆藏检索
  • 电子资源
  • 读者导购
  • 参考咨询
  • 我的图书馆
  • 登录
  • 详细信息显示
  • 放入我的书架
  • 预约/预借图书
  • 作者相关作品
  • 分类相关作品
  • 丛书相关作品
  • 出版社相关作品

书目信息

  • 表格格式
  • 工作单格式
  • 卡片格式
题名:
物业管理
    
 
作者: 方芳 , 吕萍 编著
分册:  
出版信息: 上海   上海财经大学出版社  1997
页数: 316页
开本: 20cm
丛书名: 上海财经大学投资经济丛书
单 册:
中图分类: F293.33
科图分类:
主题词: 房地产业-经济管理--高等学校--教材 , 经济管理-房地产业--高等学校--教材
电子资源:
ISBN: 7-81049-101-6
000 00820nam0 2200277 45
001 0198005249
005 20031219104109.6
010    @a7-81049-101-6@dCNY15.80
100    @a19980114d1997 em y0chiy0121 ea
101 0  @achi
102    @aCN@b310000
105    @ay z 000yy
106    @ar
200 10 @a物业管理@Awu ye guan li@f方芳,吕萍编著
210    @a上海@c上海财经大学出版社@d1997
215    @a316页@d20cm
225 2  @a上海财经大学投资经济丛书@i房地产教材系列
410  0 @120010@a上海财经大学投资经济丛书
410  0 @120010@a房地产教材系列
606    @a房地产业-经济管理@x高等学校@x教材
606    @a经济管理-房地产业@x高等学校@x教材
690    @aF293.33@v4
701  0 @a方芳@Afang fang@4编著
701  0 @a吕萍@Alv ping@4编著
801    @aCN@bTSTC@c20030419
905    @b322992-994@dF293.33@e124@f3
    
    物业管理/方芳,吕萍编著.-上海:上海财经大学出版社,1997
    316页;20cm.-(上海财经大学投资经济丛书.房地产教材系列)
    
    
    ISBN 7-81049-101-6:CNY15.80
    
●
相关链接 在E读中查询图书 在五车中查询图书 在当当中查询图书 在豆瓣中查询图书


正题名:物业管理     索取号:F293.33/124         预约/预借

序号 登录号 条形码 馆藏地/架位号 状态 备注
1 0322992   203229924   第一借阅区/ [索取号:F293.33/124] 在馆    
2 0322993   203229933   第一借阅区/ [索取号:F293.33/124] 在馆    
3 0322994   203229942   第一借阅区/ [索取号:F293.33/124] 在馆    
唐山师范学院图书馆 欢迎您!
大连网信软件有限公司© 版权所有